|
|
|
|
| LEADER |
03021nam a2200505 4500 |
| 001 |
978-3-319-78568-4 |
| 003 |
DE-He213 |
| 005 |
20191023161711.0 |
| 007 |
cr nn 008mamaa |
| 008 |
180526s2019 gw | s |||| 0|eng d |
| 020 |
|
|
|a 9783319785684
|9 978-3-319-78568-4
|
| 024 |
7 |
|
|a 10.1007/978-3-319-78568-4
|2 doi
|
| 040 |
|
|
|d GrThAP
|
| 050 |
|
4 |
|a HD28-70
|
| 072 |
|
7 |
|a KJMV6
|2 bicssc
|
| 072 |
|
7 |
|a BUS087000
|2 bisacsh
|
| 072 |
|
7 |
|a KJMV6
|2 thema
|
| 072 |
|
7 |
|a PDG
|2 thema
|
| 082 |
0 |
4 |
|a 658.514
|2 23
|
| 100 |
1 |
|
|a Chen, Steven.
|e author.
|4 aut
|4 http://id.loc.gov/vocabulary/relators/aut
|
| 245 |
1 |
4 |
|a The Design Imperative
|h [electronic resource] :
|b The Art and Science of Design Management /
|c by Steven Chen.
|
| 250 |
|
|
|a 1st ed. 2019.
|
| 264 |
|
1 |
|a Cham :
|b Springer International Publishing :
|b Imprint: Palgrave Macmillan,
|c 2019.
|
| 300 |
|
|
|a IX, 233 p. 6 illus.
|b online resource.
|
| 336 |
|
|
|a text
|b txt
|2 rdacontent
|
| 337 |
|
|
|a computer
|b c
|2 rdamedia
|
| 338 |
|
|
|a online resource
|b cr
|2 rdacarrier
|
| 347 |
|
|
|a text file
|b PDF
|2 rda
|
| 505 |
0 |
|
|a 1 Introduction: The Design Imperative -- 2 Harvesting a Culture of Design: A Review of Organizational Design Research -- 3 Product Design Research: A Review -- 4 The Design Studio Approach -- 5 To Develop a Design Language (or Not) -- 6 Design Teams Versus the Lone Designer -- 7 The Open Office: Google and the Modern Penitentiary -- 8 Design Thinking Approaches -- 9 The Product Life Cycle and Product Design -- 10 Designing Extraordinary Service Experiences -- 11 Design and Global Culture -- 12 Product Design Analytics -- 14 Conclusion: The Keys to Successful Design.
|
| 520 |
|
|
|a This book examines how to optimize design management processes in order to produce innovation within organizations. It first looks at how to harvest a culture of design and then examines topics specific to product and service design. Individual chapters provide anecdotes drawn from leading design-oriented firms, and best practices based on cutting-edge, scientific research. This book's unique blend of theory and application will offer students, scholars, and managers valuable insight on how organizations can revolutionize their design processes.
|
| 650 |
|
0 |
|a Management.
|
| 650 |
|
0 |
|a Industrial management.
|
| 650 |
|
0 |
|a Marketing.
|
| 650 |
|
0 |
|a Service industries.
|
| 650 |
1 |
4 |
|a Innovation/Technology Management.
|0 http://scigraph.springernature.com/things/product-market-codes/518000
|
| 650 |
2 |
4 |
|a Marketing.
|0 http://scigraph.springernature.com/things/product-market-codes/513000
|
| 650 |
2 |
4 |
|a Services.
|0 http://scigraph.springernature.com/things/product-market-codes/527020
|
| 710 |
2 |
|
|a SpringerLink (Online service)
|
| 773 |
0 |
|
|t Springer eBooks
|
| 776 |
0 |
8 |
|i Printed edition:
|z 9783319785677
|
| 776 |
0 |
8 |
|i Printed edition:
|z 9783319785691
|
| 776 |
0 |
8 |
|i Printed edition:
|z 9783030087333
|
| 856 |
4 |
0 |
|u https://doi.org/10.1007/978-3-319-78568-4
|z Full Text via HEAL-Link
|
| 912 |
|
|
|a ZDB-2-BUM
|
| 950 |
|
|
|a Business and Management (Springer-41169)
|